| 000 | 01306nmc a2200421 a 4500 | ||
|---|---|---|---|
| 003 | AR-BaBNM | ||
| 005 | 20251128204215.0 | ||
| 008 | 011101s1993 ||||||||||||||000 | spa|| | ||
| 020 | _a950-9467-41-3 | ||
| 040 | _cAR-BaBNM | ||
| 110 | 2 | _aInstituto de Investigaciones en Ciencias de la Educación [Universidad de Buenos Aires] | |
| 245 | 1 | 0 |
_aPsicología educacional _bexperiencia de trabajo en talleres de formación realizada en equipo desde la cátedra universitaria |
| 260 |
_aBuenos Aires _bMiño y Dávila _c1993 |
||
| 300 | 0 |
_a155 p. _bil. |
|
| 490 | 0 | _aEducación, crítica y debate | |
| 500 | 0 | _aCompilación por Ovide Menin | |
| 650 | 4 | _aPSICOLOGIA DE LA EDUCACION | |
| 650 | 4 | _aAPRENDIZAJE | |
| 650 | 4 | _aPEDAGOGIA | |
| 650 | 4 | _aDOCENTES | |
| 650 | 4 | _aTALLERES [METODO PEDAGOGICO] | |
| 650 | 4 | _aCOORDINACION EDUCACIONAL | |
| 650 | 4 | _aETICA | |
| 650 | 4 | _aADOLESCENCIA | |
| 650 | 4 | _aPRUEBAS PSICOLOGICAS | |
| 653 | 0 | _aEDUCACION SUPERIOR | |
| 653 | 0 | _aEXPERIENCIAS EDUCATIVAS | |
| 700 | 1 | _aMenin, Ovide | |
| 700 | 1 | _aBixio, Cecilia | |
| 700 | 1 | _aBoggino, Norberto | |
| 700 | 1 | _aAltvarg, Estyer | |
| 700 | 1 | _aBloj, Ana María | |
| 700 | 1 | _aDigrazia, Noemí | |
| 700 | 1 | _aPenecino, Elida | |
| 800 | 1 |
_aGentili, Pablo _edirector |
|
| 942 | _cBK | ||
| 998 | _cCarmen | ||
| 999 |
_c6602 _d6602 |
||